Revista de derecho procesal penal 2016 - 1 : el juicio y la litigación oral I /

Guardado en:
Formato: Libro
Idioma:Spanish
Publicado: Santa Fe : Rubinzal Culzoni, 2016.
Edición:1a. ed.
Materias:
Etiquetas: Agregar Etiqueta
Sin Etiquetas, Sea el primero en etiquetar este registro!
LEADER 00543nam a22001575a 4500
001 DER.der015393
008 251103s2016####ag#||||||||||||||#||spa||
005 20251103091555.0
245 1 0 |a Revista de derecho procesal penal 2016 - 1 :  |b el juicio y la litigación oral I /  |c dirigido por Edgardo Alberto Donna. 
250 |a 1a. ed. 
260 |a Santa Fe :  |b Rubinzal Culzoni,  |c 2016. 
300 |a 561 p. 
020 |a 9789873007026 
700 1 |a Donna, Edgardo Alberto,  |e dir. 
650 7 |a DERECHO PROCESAL PENAL 
859 |a DERECHO  |b BIB. DERECHO  |h 345.05  |i REV  |p 008032